Ḥayāt al-shaykh Muḥammad ʻAyyād al-Ṭanṭāwī /

محفوظ في:

المؤلف الرئيسي: Krachkovskiĭ, I. I︠U︡. 1883-1951 (مؤلف)

مؤلفون آخرون: ʻAwdah, Kulthūm., Ḥasan, ʿAbd al-Ḥamīd., Ḥasan, Muḥammad ʻAbd al-Ghanī.

التنسيق: كتاب

اللغة: Arabic

منشور في: [Cairo] : al-Majlis al-Aʻlá li-Riʻāyat al-Funūn wa-al-Ādāb wa-al-ʻUlūm al-Ijtimāʻīyah, 1964.

سلاسل: Maṭbūʻāt al-Majlis al-Aʻlá li-Riʻāyah al-Funūn wa-al-Ādāb wa-al-ʻUlūm al-Ijtimāʻīyah ; 55.

الموضوعات:

الوسوم: إضافة وسم

لا توجد وسوم, كن أول من يضع وسما على هذه التسجيلة!

رقم الطلب: PJ6064 .T3 K72 1964

LEADER 01977nam a2200289Ia 4500
003 OSt
005 20230824113958.0
008 130303s1964 ua cf b 000 0bara d
952 |0 0  |1 0  |2 lcc  |4 0  |6 PJ6064 T3 K72 01964  |7 1  |9 49693  |a ARCE  |b ARCE  |d 2023-08-24  |l 0  |o PJ6064 .T3 K72 1964  |p 1027050  |r 2023-08-24 00:00:00  |w 2023-08-24  |y BK 
999 |c 26244  |d 26244 
040 |c ARCE Library 
050 4 |a PJ6064 .T3 K72 1964 
100 1 |a Krachkovskiĭ, I. I︠U︡.  |q (Ignatiĭ I︠U︡lianovich),  |d 1883-1951,  |e author  |9 34156 
245 1 0 |6 880-02  |a Ḥayāt al-shaykh Muḥammad ʻAyyād al-Ṭanṭāwī /   |c taʼlīf Ighnātiyūs Krāshkūfskī ; Tarjamat Kulthūm ʻAwdah ; Rājaʻa al-naṣṣ al-ʻArabī wa-ḥaqqaqahu wa-ʻallaqa ʻalayhi ʻAbd al-Ḥamīd Ḥasan [wa-] Muḥammad ʻAbd al-Ghanī Ḥasan.  
264 1 |a [Cairo] :   |b al-Majlis al-Aʻlá li-Riʻāyat al-Funūn wa-al-Ādāb wa-al-ʻUlūm al-Ijtimāʻīyah,   |c 1964. 
300 |a 179 pages :  |b plate, portraits ;  |c 24 cm. 
490 1 |a Maṭbūʻāt al-Majlis al-Aʻlá li-Riʻāyah al-Funūn wa-al-Ādāb wa-al-ʻUlūm al-Ijtimāʻīyah ;  |v 55. 
500 |a Added title pages : Sheĭkh Tantavi, professor C.-Peterburgskogo Universiteta, 1810-1861.  
504 |a Includes bibliographical references.  
600 1 0 |a Ṭanṭāwī, Muḥammad ʻAyyād,  |d 1810-1861.  
700 1 |a ʻAwdah, Kulthūm. 
700 1 |a Ḥasan, ʿAbd al-Ḥamīd. 
700 1 |a Ḥasan, Muḥammad ʻAbd al-Ghanī. 
830 0 |a Maṭbūʻāt al-Majlis al-Aʻlá li-Riʻāyah al-Funūn wa-al-Ādāb wa-al-ʻUlūm al-Ijtimāʻīyah ;  |v 55. 
880 1 0 |6 245-02/(3/r  |a حياة الشيخ محمد عياد الطنطاوي   |c تأليف اغناطيوس كراتشكوفسكي ؛ ترجمة كلثوم عودة ؛ راجع النص العربي و حققه و علق عليه عبد الحميد حسن [و] محمد عبد الغني حسن.‪‪‪‪‪‪‪‪‪‪‪‪‪‪‪‪‪‪‪‪‪‪‪ 
901 |a reviewed 
942 |c BK  |2 lcc